Prolongements des transformations de l'espace de Hilbert qui sortent de cet espace /
Guardado en:
| Autor Principal: | |
|---|---|
| Formato: | Libro |
| Idioma: | French |
| Publicado: |
Budapest :
Akadémiai Kiadó,
1955.
|
| Etiquetas: |
Agregar Etiqueta
Sin Etiquetas, Sea el primero en etiquetar este registro!
|
| LEADER | 00554nam a22001455a 4500 | ||
|---|---|---|---|
| 001 | MAT.inmabb000712 | ||
| 008 | 031118s1955####hu############000#0#fre#d | ||
| 005 | 20180615124804.0 | ||
| 245 | 1 | 0 | |a Prolongements des transformations de l'espace de Hilbert qui sortent de cet espace / |c par Béla Sz.-Nagy. |
| 260 | |a Budapest : |b Akadémiai Kiadó, |c 1955. | ||
| 300 | |a 35 p. | ||
| 500 | |a "Appendice au livre: Leçons d'analyse fonctionnelle, par F. Riesz et B. Sz.-Nagy." | ||
| 510 | 4 | |a MR, |c 16,837a | |
| 100 | 1 | |a Szokefalvi-Nagy, Béla, |d 1913- | |
| 859 | |p DUP-A-518 |b BIB. MATEMATICA | ||
